horses and riding quiz - Statistics

General Stats
  • This quiz has been taken 804 times
  • The average score is 14 of 23
Answer Stats
Hint Answer % Correct
number of beats in a canter three
88%
part of the bridal that goes in the horse's mouth bit
84%
riding a horse without a saddle is called___ bareback
77%
reddish-brown coloring of a horse chesnut
76%
name for a male foal colt
76%
piece of tack used to hold on the saddle girth
75%
event in which the horse demonstrates obedience, flexebility and balance dressage
71%
breed of horse most commonly used in racing thoroughbred
71%
bridal attatchment used to steer the horse reins
70%
part of the saddle in which the rider puts his or her feet stirrup
70%
triangular flesh in a horse's hoof frog
69%
part of the horse's mane that goes between its ears forelock
64%
usually white marking on the horse's face that goes from the forehead to the nose in a thick stripe blaze
63%
round rubber brush used to loosen dirt in a horse's coat curry comb
56%
strap used so the horse can not toss its head martingale
56%
coloring of a horse that is grey with tiny speckles over the entire body fleabitten
43%
part of the horse where the tail starts dock
41%
the up and down motion of the rider in an english-style trot posting
41%
slower, western-style gate with 4 beats lope
38%
the name for a bridal without a bit hackamore
35%
horse breed based on color (instead of bloodline) (two possible answers) pinto
34%
breed of horse known for its skill in trick riding and its black color and wavy mane fresian
31%
part of the horse's leg just below the knee cannon
29%
No matching quizzes found
Score Distribution
Percent of People with Each Score
Percentile by Number Answered
Your Score History
You have not taken this quiz